000 00337nam a22001457a 4500
008 230502b ||||| |||| 00| 0 eng d
020 _a9780765680839
041 _aeng
080 _2VOLUME ONE
_a030
082 _a030LEO
100 _a44
101 _aENCIKLO
245 _aLATINO HISTORY AND CULTURE
_cLEONARD .J.D
942 _2udc
_cBK
999 _c59645
_d59645